Станции скоростного трамвая Волгограда - Statistics

General Stats
  • This quiz has been taken 22 times
  • The average score is 13 of 22
Answer Stats
Название % Correct
Площадь Ленина
94%
Комсомольская
88%
Мамаев Курган
75%
ЦПКиО
75%
Пионерская
75%
Театр Юного Зрителя
75%
Тракторный завод (ВгТЗ)
69%
Ельшанка
69%
Завод "Баррикады"
63%
Площадь Возрождения
63%
Площадь Чекистов
63%
Стадион "Монолит"
56%
Завод "Красный Октябрь"
56%
Дворец спорта
56%
ТРК "Европа"
56%
Профсоюзная
56%
Центральный Стадион
50%
Больница Ильича
44%
Хлебозавод
38%
Автоцентр
38%
14-я гимназия
38%
39-я Гвардейская
31%
No matching quizzes found
Score Distribution
Percent of People with Each Score
Percentile by Number Answered
Your Score History
You have not taken this quiz